000 01360nam a22002897a 4500
003 OSt
005 20230308111222.0
008 221006b |||||||| |||| 00| 0 eng d
020 _a1136-6907
040 _cBiblioteca Lado V
082 _a700.41
_bR744a
100 _9525
_aRolando, Carlos
_eautor
245 _aARCONoticas/
_bel contexto del arte/
260 _bFeria Internacional de Arte Contemporáneo
_c1997
_aMadrid
300 _c21x30cm
_a96p.
490 _a9
_v1997
505 _tEditorial
505 _tARCO'97 en la memoria
_a-La mirada particular -La Escena Internacional -Colecciones en ARCO -Revistas de Arte y Pensamiento
505 _tARCP'98 Avance
_aARCOLATINO ARCOLUSITANIA -Apuntes de ARCO -Galería de Perfiles -Espacios para el ARTE -El Mercado del Arte -Formación -Rutas
505 _tAgenda de las artes visuales del siglo XX
_a-Este/Oeste-Norte/Sur. Revisión de Bienales y Galerías mas importantes -Grandes citas internacionales -Agenda de Exposiciones Nacionales
650 _2Tesauro de Arte & Arquitectura
_aARTE
_9703
650 _2Tesauro de Arte & Arquitectura
_aNOTICIAS
650 _2Tesauro de Arte & Arquitectura
_aCRITICA
650 _2Tesauro de Arte & Arquitectura
_aAPRECIACION
650 _2Tesauro de Arte & Arquitectura
_aVISIBILIDAD
942 _2ddc
_c1
_h700.41
_iR744a
_n0
999 _c3143
_d3143